000 00536nam a2200193Ia 4500
005 20260114185902.0
008 008 260114s9999 xx 000 0 eng d
020 _a9781509974542
037 _aEBOOK
040 _aCRL
_beng
_cCRL
041 _aeng
_2eng
084 _qCRL
100 _aCzarnocki, Jan
_9875675
245 0 _aProportionality in EU digital law
260 _bBloomsbury
_c2024
856 _uhttps://www.bloomsburycollections.com/monograph?docid=b-9781509974542
942 _cEBOOK
999 _c1474489
_d1474489